LEADER 01207nam0-2200373li-450 001 990000243490203316 005 20180312154818.0 035 $a0024349 035 $aUSA010024349 035 $a(ALEPH)000024349USA01 035 $a0024349 100 $a20001109d1999----km-y0itay0103----ba 101 0 $aeng 102 $aIT 200 1 $aAnnual report 1998$fIstituto nazionale di fisica nucleare, Laboratori nazionali di Legnaro$gMarco Cinausero ... [et al.] (eds.) 210 $aLegnaro$cLaboratori nazionali$dcopyr. 1999 215 $aXXII, 307 p.$cill.$d30 cm 610 1 $afisica nucleare 610 1 $alegnaro$alaboratori nucleari 676 $a5397$9Fisica atomica e nucleare 702 1$aCinausero,$bMarco 710 1$aIstituto nazionale di fisica nucleare 710 1$aLaboratori nazionali di Legnaro 801 $aSistema bibliotecario di Ateneo dell' Università di Salerno$gRICA 912 $a990000243490203316 951 $a539.7 IST$b0023646 959 $aBK 969 $aSCI 979 $c19990617 979 $c20001110$lUSA01$h1715 979 $c20020403$lUSA01$h1632 979 $aPATRY$b90$c20040406$lUSA01$h1617 996 $aAnnual report 1998$91295815 997 $aUNISA LEADER 02021nas 2200409 n 450 001 990008882890403321 005 20240229084336.0 011 $a0233-125X 035 $a000888289 035 $aFED01000888289 035 $a(Aleph)000888289FED01 035 $a000888289 091 $2CNR$aP 00095901 100 $a20090724b18861922km-y0itaa50------ba 101 0 $ager 110 $aauu-------- 200 1 $aAbhandlungen und Berichte des Zoologischen und Antropologisch-Ethnographischen Museums zu Dresden 207 1$a1886-1922 210 $aDresden$cTeubner 430 0$12001$aMitteilungen aus dem Koniglichen Zoologischen Museum zu Dresden 440 0$1001000888288$12001$aAbhandlungen und Berichte der Museen für Tierkunde und Völkerkunde zu Dresden 530 0 $aAbhandlungen und Berichte des Zoologischen und Antropologisch-Ethnographischen Museums zu Dresden 675 $a59 675 $a39 675 $a57 675 $a069 712 02$aZoologisches und Anthropologisch-Ethnographisches Museum zu Dresden 801 0$aIT$bACNP$c20090723 859 4 $uhttp://acnp.cib.unibo.it/cgi-ser/start/it/cnr/dc-p1.tcl?catno=64244&person=false&language=ITALIANO&libr=&libr_th=unina1$zBiblioteche che possiedono il periodico 901 $aSE 912 $a990008882890403321 958 $aBiblioteca del Dipartimento di Entomologia e Zoologia Agraria dell'Università degli Studi di Napoli Federico II$b1907-1922.$c1910;$fDAGEN 959 $aDAGEN 996 $aAbhandlungen und Berichte des Zoologischen und Antropologisch-Ethnographischen Museums zu Dresden$9802145 997 $aUNINA AP1 8 $6866-01$aNA219 Biblioteca del Dipartimento di Entomologia e Zoologia Agraria dell'Università degli Studi di Napoli Federico II$eVia Università, 100, 80055 Portici (NA)$m0812539188$m0817755145$nit AP2 40$aacnp.cib.unibo.it$nACNP Italian Union Catalogue of Serials$uhttp://acnp.cib.unibo.it/cgi-ser/start/it/cnr/df-p.tcl?catno=64244&language=ITALIANO&libr=&person=&B=1&libr_th=unina&proposto=NO